Partial flags quiz - Statistics

General Stats
  • This quiz has been taken 35 times
  • The average score is 13 of 16
Answer Stats
Picture Answer % Correct
Cyprus
100%
Estonia
97%
Panama
97%
Liechtenstein
94%
Sri lanka
94%
Vatican city
94%
Germany
91%
Syria
91%
Serbia
84%
Andorra
78%
Kiribati
78%
Senegal
78%
Singapore
72%
Malta
69%
Comoros
56%
Kazachstan
9%
No matching quizzes found
Score Distribution
Percent of People with Each Score
Percentile by Number Answered
Your Score History
You have not taken this quiz